000 00348nam a22001337a 4500
020 _a0750671718
040 _cNust
082 _a621.38853
_bLON
100 _aMark E. Long
_9127417
245 _aThe digital satellite TV Handbook
260 _aBoston:
_bnewness,
_c1999.
650 _aThe digital satellite TV Handbook
_9127418
942 _2ddc
_cBK
999 _c612547
_d612547